Campeonato Carioca de Futebol 2025 - Statistics

Estatísticas Gerais
  • Esse quiz foi jogado 90 vezes
  • A pontuação média é 10 de 12
Estatísticas das Respostas
Clube % Correto
Flamengo
100%
Vasco da Gama
99%
Fluminense
98%
Botafogo
96%
Volta Redonda
86%
Bangu
84%
Nova Iguaçu
81%
Boavista
73%
Maricá
67%
Portuguesa
65%
Madureira
63%
Sampaio Corrêa
49%
Nenhum quiz correspondente encontrado
Distribuição das Pontuações
Porcentagem de Pessoas com Cada Pontuação
Percentil de Números Respondidos
Sua Pontuação Histórica
Você não jogou esse quiz